| 000 | 00773nam a22002177a 4500 | ||
|---|---|---|---|
| 005 | 20260416130057.0 | ||
| 007 | cr |||aaa||||| | ||
| 008 | 260416s2003 sp|d||||o|||| 000 0 spa d | ||
| 020 | _a8479087234 | ||
| 040 |
_aMX-MxUPN _bspa _eaacr2 |
||
| 041 | 0 | _aspa | |
| 050 | 4 | _aLA911.5 | |
| 100 | 1 |
_aMas Galvañ, Cayetano _959284 |
|
| 245 | 1 | 3 |
_aLa educación superior en la Murcia del siglo XVIII _h[recurso electrónico en línea] |
| 260 |
_aSan Vicente del Raspeig : _bUniversidad de Alicante, _cc2003 |
||
| 300 |
_a1 recurso en línea (201 páginas) : _bgráficas, PDF |
||
| 650 | 4 |
_aEducación Superior _zMurcia, España _xHistoria _ySiglo XVIII _959283 |
|
| 856 | _uhttp://hdl.handle.net/10045/39740 | ||
| 902 | _aVíctorGodínez/160426 | ||
| 942 |
_2lcc _cLIBRO-E |
||
| 999 |
_c214969 _d214969 |
||